Países com as maiores linhas ferroviárias de alta velocidade - Statistics

Estatísticas Gerais
  • Esse quiz foi jogado 30 vezes
  • A pontuação média é 14 de 18
Estatísticas das Respostas
Extensão País % Correto
40.474 km China
100%
735 km Estados Unidos
100%
1.571 km Alemanha
97%
2.735 km França
97%
3.081 km Japão
97%
3.661 km Espanha
93%
113 km Reino Unido
90%
921 km Itália
87%
873 km Coreia do Sul
80%
224 km Polônia
77%
254 km Áustria
73%
209 km Bélgica
73%
860 km Suécia
73%
176 km Suíça
73%
1.052 km Turquia
57%
1.120 km Finlândia
53%
449 km Arábia Saudita
40%
186 km Marrocos
23%
Nenhum quiz correspondente encontrado
Distribuição das Pontuações
Porcentagem de Pessoas com Cada Pontuação
Percentil de Números Respondidos
Sua Pontuação Histórica
Você não jogou esse quiz